000
00249nam a22001097a 4500
008
180802b xxu||||| |||| 00| 0 eng d
082
_a
813.52
245
_a
Charles Johnson
_c
Bellineli,M
260
_c
1992
300
_a
1
_f
Cassette
942
_2
ddc
_c
MX
999
_c
46735
_d
46735